000 00445nam a2200169Ia 4500
008 230524s9999 xx 000 0 und d
020 _a9789381075975
082 _a636.7
_bRED
100 _aM. Anji Reddy
_940631
245 0 _aText Book Of Remote Sensing and Geographical Information Systems
250 _a4
260 _aHyderabad
_bB S
_c2013
300 _a"XXIV,601p;"
500 _aQuantity Number: 1
650 _aCivil
942 _cBK
999 _c54976
_d54976